<?xml version="1.0" encoding="UTF-8"?>
<record
    xmlns:xsi="http://www.w3.org/2001/XMLSchema-instance"
    xsi:schemaLocation="http://www.loc.gov/MARC21/slim http://www.loc.gov/standards/marcxml/schema/MARC21slim.xsd"
    xmlns="http://www.loc.gov/MARC21/slim">

  <leader>02635cam a22002778i 4500</leader>
  <datafield tag="999" ind1=" " ind2=" ">
    <subfield code="c">26641</subfield>
    <subfield code="d">26641</subfield>
  </datafield>
  <controlfield tag="008">200514s2020    ii      b    001 0 eng  </controlfield>
  <datafield tag="020" ind1=" " ind2=" ">
    <subfield code="a">9780815357124</subfield>
    <subfield code="c">GBP 96.00</subfield>
  </datafield>
  <datafield tag="041" ind1="0" ind2=" ">
    <subfield code="a">eng</subfield>
  </datafield>
  <datafield tag="082" ind1="0" ind2="0">
    <subfield code="2">23</subfield>
    <subfield code="a">532</subfield>
    <subfield code="b">A5451</subfield>
  </datafield>
  <datafield tag="245" ind1="1" ind2="0">
    <subfield code="a">Computational fluid mechanics and heat transfer /</subfield>
  </datafield>
  <datafield tag="250" ind1=" " ind2=" ">
    <subfield code="a">4th ed.</subfield>
  </datafield>
  <datafield tag="260" ind1=" " ind2=" ">
    <subfield code="a">Boca Raton,</subfield>
    <subfield code="b">CRC press,</subfield>
    <subfield code="c">2021.</subfield>
  </datafield>
  <datafield tag="300" ind1=" " ind2=" ">
    <subfield code="a">xxviii, 946 p. :</subfield>
    <subfield code="b">ill., </subfield>
    <subfield code="c">27 cm</subfield>
  </datafield>
  <datafield tag="490" ind1="0" ind2=" ">
    <subfield code="a">Computational and physical processes in mechanics and thermal sciences</subfield>
  </datafield>
  <datafield tag="504" ind1=" " ind2=" ">
    <subfield code="a">Includes bibliographical references and index.</subfield>
  </datafield>
  <datafield tag="505" ind1="0" ind2=" ">
    <subfield code="a">Part I: Fundamentals. 1. Introduction. 2. Partial Differential Equations. 3. Basics of Discretization Methods. 4. Application of Numerical Methods to Selected Model Equations. Part II: Application of Numerical Methods to the Equations of Fluid Mechanics and Heat Transfer. 5. Governing Equations of Fluid Mechanics and Heat Transfer. 6. Numerical Methods for Inviscid Flow Equations. 7. Numerical Methods for Boundary-Layer-Type Equations. 8. Numerical Methods for the "Parabolized" Navier&#x2013;Stokes Equations. 9. Numerical Methods for the Navier&#x2013;Stokes Equations. 10. Grid Generation.</subfield>
  </datafield>
  <datafield tag="520" ind1=" " ind2=" ">
    <subfield code="a">Computational Fluid Mechanics and Heat Transfer, Fourth Edition is a fully updated version of the classic text on finite-difference and finite-volume computational methods. Divided into two parts, the text covers essential concepts in the first part, and then moves on to fluids equations in the second. Designed as a valuable resource for practitioners and students, new examples and homework problems have been added to further enhance the student&#x2019;s understanding of the fundamentals and applications.

Provides a thoroughly updated presentation of CFD and computational heat transfer
Covers more material than other texts, organized for classroom instruction and self-study
Presents a wide range of computation strategies for fluid flow and heat transfer
Includes new sections on finite element methods, computational heat transfer, and multiphase flows 
Features a full Solutions Manual and Figure Slides for classroom projection
Written as an introductory text for advanced undergraduates and first-year graduate students, the new edition provides the background necessary for solving complex problems in fluid mechanics and heat transfer.</subfield>
  </datafield>
  <datafield tag="650" ind1=" " ind2="0">
    <subfield code="a">Fluid mechanics.</subfield>
  </datafield>
  <datafield tag="650" ind1=" " ind2="0">
    <subfield code="a">Heat</subfield>
    <subfield code="x">Transmission.</subfield>
  </datafield>
  <datafield tag="700" ind1=" " ind2=" ">
    <subfield code="a">Anderson, Dale A.</subfield>
    <subfield code="9">5538</subfield>
  </datafield>
  <datafield tag="700" ind1=" " ind2=" ">
    <subfield code="a">Tannehill, John C.</subfield>
    <subfield code="9">5539</subfield>
  </datafield>
  <datafield tag="700" ind1="1" ind2=" ">
    <subfield code="a">Pletcher, Richard H.,</subfield>
    <subfield code="e">author.</subfield>
  </datafield>
  <datafield tag="700" ind1=" " ind2=" ">
    <subfield code="a">Munipalli, Ramakanth</subfield>
    <subfield code="9">5540</subfield>
  </datafield>
  <datafield tag="700" ind1=" " ind2=" ">
    <subfield code="a">Shankar, Vijaya</subfield>
    <subfield code="9">5541</subfield>
  </datafield>
  <datafield tag="942" ind1=" " ind2=" ">
    <subfield code="c">BK</subfield>
  </datafield>
  <datafield tag="952" ind1=" " ind2=" ">
    <subfield code="0">0</subfield>
    <subfield code="1">0</subfield>
    <subfield code="2">ddc</subfield>
    <subfield code="4">0</subfield>
    <subfield code="6">532_000000000000000_A5451</subfield>
    <subfield code="7">0</subfield>
    <subfield code="9">51402</subfield>
    <subfield code="a">CL</subfield>
    <subfield code="b">CL</subfield>
    <subfield code="c">REF</subfield>
    <subfield code="d">2023-06-23</subfield>
    <subfield code="e">4</subfield>
    <subfield code="g">6156.93</subfield>
    <subfield code="o">532 A5451</subfield>
    <subfield code="p">14095</subfield>
    <subfield code="r">2023-06-23</subfield>
    <subfield code="v">9705.13</subfield>
    <subfield code="y">BK</subfield>
  </datafield>
</record>
